La Pampa (Registro nro. 2737)

Detalles MARC
000 -LEADER
fixed length control field 00638 a2200205 4500
001 - CONTROL NUMBER
control field 37325
005 - DATE AND TIME OF LATEST TRANSACTION
control field 20260407155642.0
008 - FIXED-LENGTH DATA ELEMENTS--GENERAL INFORMATION
fixed length control field 260407a1988 arg spa d
003 - CONTROL NUMBER IDENTIFIER
control field AR-UNSa-BCEJYS
040 ## - CATALOGING SOURCE
Original cataloging agency AR-UNSa-BCEJYS
Language of cataloging spa
Transcribing agency AR-UNSa-BCEJYS
080 ## - UNIVERSAL DECIMAL CLASSIFICATION NUMBER
Universal Decimal Classification number 330.52
Common auxiliary subdivision Riqueza nacional. Propiedad nacional (PBG)
020 ## - INTERNATIONAL STANDARD BOOK NUMBER
International Standard Book Number 950-9899-08-9
041 ## - LANGUAGE CODE
Language code of text/sound track or separate title spa
100 1# - MAIN ENTRY--PERSONAL NAME
Personal name Consejo Federal de Inversiones (CFI)
245 10 - TITLE STATEMENT
Title La Pampa
Name of part/section of a work Producto bruto geográfico, 1970-1985
264 #1 - PRODUCTION, PUBLICATION, DISTRIBUTION, MANUFACTURE, AND COPYRIGHT NOTICE
Place of production, publication, distribution, manufacture Buenos Aires :
Name of producer, publisher, distributor, manufacturer CFI (Consejo Federal de Inversiones)
Date of production, publication, distribution, manufacture, or copyright notice 1988
300 ## - PHYSICAL DESCRIPTION
Extent 48 p.
Dimensions 28 cm.
590 ## - LOCAL NOTE (RLIN)
Local note niveau_biblio:m niveau_hierar:0
942 ## - ADDED ENTRY ELEMENTS (KOHA)
Koha item type
Existencias
Withdrawn status Lost status Damaged status Not for loan Home library Current library Shelving location Date acquired Total checkouts Full call number Barcode Date last seen Price effective from Koha item type
        Biblioteca Prof. Eusebio Cleto del Rey Biblioteca Prof. Eusebio Cleto del Rey   07/04/2026   330.52 C755p L125613 07/04/2026 07/04/2026 Libro